| Tag |
First Indicator |
Second Indicator |
Subfields |
| LEADER |
00000nam a2200000Ia 4500 |
| 001 |
in00004199331 |
| 005 |
20200806090955.0 |
| 006 |
m g d |
| 007 |
cr bn |||a|bb| |
| 008 |
900511s1634 enka o 00| | eng d |
| 035 |
|
|
|a (OCoLC)21510023
|
| 040 |
|
|
|a EBK
|c EBK
|d WaOLN
|
| 037 |
|
|
|a CL0036000051
|b ProQuest. 789 E. Eisenhower Parkway, Ann Arbor, MI 48108-3218
|
| 043 |
|
|
|a e-uk-en
|
| 090 |
|
|
|a AY751
|b .W54 1634
|
| 049 |
|
|
|a UMIA
|
| 100 |
1 |
|
|a White, John,
|d fl. 1613-1651.
|
| 245 |
1 |
0 |
|a White 1634 :
|b a new almanacke and prognostication for the yeere of our Lord God 1634, being the second after the leape-yeere : calculated for the meridian of the most honorable citie of London and will serue generally for the monarchie of Great Brittaine /
|c by Iohn White ...
|
| 260 |
|
|
|a London :
|b Printed by William Stansby for the Company of Stationers,
|c [1634]
|
| 300 |
|
|
|a 1 online resource ([40] pages :
|b illustrations.
|
| 336 |
|
|
|a text
|b txt
|2 rdacontent
|
| 337 |
|
|
|a computer
|b c
|2 rdamedia
|
| 338 |
|
|
|a online resource
|b cr
|2 rdacarrier
|
| 500 |
|
|
|a Second part has special t.p.
|
| 500 |
|
|
|a Date of imprint suggested by STC (2nd edition).
|
| 500 |
|
|
|a Signatures: [A]-B⁸ C⁴.
|
| 500 |
|
|
|a Title within ornamental border.
|
| 500 |
|
|
|a Imperfect: tightly bound and slightly faded, with some loss of printing.
|
| 500 |
|
|
|a Reproduction of original in the British Library.
|
| 510 |
4 |
|
|a STC (2nd edition)
|c 527.24
|
| 533 |
|
|
|a Electronic reproduction.
|b Ann Arbor, Mich. :
|c UMI,
|d 1999-
|f (Early English books online)
|n Digital version of: (Early English books, 1475-1640 ; 1739:47)
|7 s1999 miun s
|
| 650 |
|
0 |
|a Almanacs, English.
|
| 650 |
|
0 |
|a Ephemerides.
|
| 650 |
|
0 |
|a Astrology
|v Early works to 1800.
|
| 740 |
0 |
|
|a New almanacke and prognostication for the yeere ... 1634.
|
| 830 |
|
0 |
|a Early English books online.
|
| 856 |
4 |
0 |
|u http://proxy.library.tamu.edu/login?url=https://search.proquest.com/docview/2240948895
|z Connect to the full text of this electronic book
|t 0
|
| 999 |
f |
f |
|s c50947ea-a6b4-3459-8d33-3410c64f5245
|i dc376784-e13b-3e3c-b5db-4fd37666d3d6
|t 0
|
| 952 |
f |
f |
|a Texas A&M University
|b College Station
|c Electronic Resources
|d Available Online
|t 0
|e AY751 .W54 1634
|h Library of Congress classification
|
| 998 |
f |
f |
|a AY751 .W54 1634
|t 0
|l Available Online
|